| 000 | 00510nam a2200181Ia 4500 | ||
|---|---|---|---|
| 001 | 60723 | ||
| 008 | 080101n ii |||gr||||Z||||||465ud | ||
| 082 | _a294.21 | ||
| 100 |
_aZiael, Abdolhamid, _eAuthor., |
||
| 245 | 0 |
_aRamayana : _bthe ancient amorous epic of India / _cby Abdolhamid Ziael, Yunus Jafery . _hTextual Documents |
|
| 260 |
_aNew Delhi: _bIran culture house. |
||
| 300 |
_a304pg: _c23cm. |
||
| 653 | _aArabic | ||
| 653 | _aRamayan | ||
| 653 | _aIslam | ||
| 653 | _aG-Arabic | ||
| 942 |
_2ddc _cBK |
||
| 999 |
_c61849 _d61849 |
||